Tvorba geografického informačního systému malého území /

Korporativní autor: Univerzita Palackého. Katedra geoinformatiky
Další autoři: Dobešová, Zdena, 1964-
Jazyk: Čeština
Vydáno: Olomouc : Univerzita Palackého v Olomouci pro katedru geoinformatiky, 2013
Vydání: 1. vyd.
Edice: Skripta
Témata:
Fyzický popis: 106 s. : barev. il., mapy ; 29 cm
Knihy
Uloženo v:
LEADER 01784nam a2200481 a 4500
001 nkc20142571984
003 CZ PrNK
005 20140407092640.0
007 ta
008 140306s2013 xr ab e p 000 0 cze
015 |a cnb002571984 
020 |a 978-80-244-3825-2  |q (brož.) :  |c neprodejné 
035 |a (OCoLC)876343152 
040 |a OLA001  |b cze 
072 7 |a 004.9  |x Speciální počítačové metody. Počítačová grafika  |2 Konspekt  |9 23 
072 7 |a 37.016  |x Učební osnovy. Vyučovací předměty. Učebnice  |2 Konspekt  |9 22 
080 |a 004.9:91  |2 MRF 
080 |a 58  |2 MRF 
080 |a 581.9  |2 MRF 
080 |a (075.8)  |2 MRF 
245 0 0 |a Tvorba geografického informačního systému malého území /  |c Zdena Dobešová ... [et al.] 
250 |a 1. vyd. 
260 |a Olomouc :  |b Univerzita Palackého v Olomouci pro katedru geoinformatiky,  |c 2013 
300 |a 106 s. :  |b barev. il., mapy ;  |c 29 cm 
490 1 |a Skripta 
504 |a Obsahuje bibliografie 
650 0 7 |a geografické informační systémy  |7 ph114617  |2 czenas 
650 0 7 |a botanika  |7 ph114191  |2 czenas 
650 0 7 |a fytogeografie  |7 ph114598  |2 czenas 
650 0 9 |a geographical information systems  |2 eczenas 
650 0 9 |a botany  |2 eczenas 
650 0 9 |a phytogeography  |2 eczenas 
653 0 |a BotanGIS 
655 7 |a učebnice vysokých škol  |7 fd133772  |2 czenas 
655 9 |a textbooks (higher)  |2 eczenas 
700 1 |a Dobešová, Zdena,  |d 1964-  |7 mzk2004261035  |4 aut 
710 2 |a Univerzita Palackého.  |b Katedra geoinformatiky  |7 kn20061121007 
810 2 |a Univerzita Palackého.  |t Skripta  |0 s 
910 2 |a BOA001  |b 4-1323.084 
990 |a BK 
995 |a 01 
991 |b 201404  |c NOV  |e n 
996 6 |b 2610584873  |c 4-1323.084  |l MZK  |r Sklad / do 1 hodiny  |n 6  |p p.v.  |w 001407919  |u 000010  |a 1  |e BOA001  |j MZK50  |s P